00527nam a2200181Ia 4500003000900000005001700009008004100026020001800067040001600085080002200101100002400123245007800147260003300225300001300258650004100271650001000312650002300322IN-BaIIA20230707112748.0211028s9999 xx 000 0 eng d a0-8243-2016-6 cIIA Library a047.1:523bARE-16 aWetherill Gorge, W. 0aAnnual review of earth and Planetary Sciencesbvol.16cW. Wetherill Gorge aAnnual ReviewsbDirectc1988 aix, 676p aAstronomy and Astrophysics Thesaurus aEarth aPlanetary Sciences